| 000 | nam a22 7a 4500 | ||
|---|---|---|---|
| 999 |
_c126951 _d126951 |
||
| 008 | 170912b xxu||||| |||| 00| 0 eng d | ||
| 050 | _aTK6545.S3 L9 | ||
| 100 |
_aSarnoff, David _935733 |
||
| 245 |
_aA biography by Eugene Lyons _c/ David Sarnoff |
||
| 260 |
_aNew York _bHarper and Row Publishers _c1966 |
||
| 300 |
_ax, 371p. ; _c24cm. |
||
| 942 |
_2lcc _cMONOGRAPH |
||